Wastewater organisms : (Record no. 330189)

000 -LEADER
fixed length control field 01123pam a2200277 a 4500
001 - CONTROL NUMBER
control field 2523619
003 - CONTROL NUMBER IDENTIFIER
control field NUST
005 - DATE AND TIME OF LATEST TRANSACTION
control field 20170613114110.0
008 - FIXED-LENGTH DATA ELEMENTS--GENERAL INFORMATION
fixed length control field 930514s1993 fluaf b 001 0 eng
010 ## - LIBRARY OF CONGRESS CONTROL NUMBER
LC control number 93022831
020 ## - INTERNATIONAL STANDARD BOOK NUMBER
International Standard Book Number 087371623X (acidfree paper)
040 ## - CATALOGING SOURCE
Original cataloging agency DLC
Transcribing agency DLC
Modifying agency DLC
050 00 - LIBRARY OF CONGRESS CALL NUMBER
Classification number QR48
Item number .B47 1993
082 00 - DEWEY DECIMAL CLASSIFICATION NUMBER
Classification number 576 BER
Edition number 20
100 1# - MAIN ENTRY--PERSONAL NAME
Personal name Berk, Sharon G.
9 (RLIN) 2532
245 10 - TITLE STATEMENT
Title Wastewater organisms :
Remainder of title a color atlas /
Statement of responsibility, etc. Sharon G. Berk and John H. Gunderson.
260 ## - PUBLICATION, DISTRIBUTION, ETC.
Place of publication, distribution, etc. Boca Raton, Fla. :
Name of publisher, distributor, etc. Lewis Publishers,
Date of publication, distribution, etc. c1993.
300 ## - PHYSICAL DESCRIPTION
Extent 25 p., [43] p. of plates :
Other physical details col. ill. ;
Dimensions 29 cm.
500 ## - GENERAL NOTE
General note H.B
504 ## - BIBLIOGRAPHY, ETC. NOTE
Bibliography, etc. note Includes bibliographical references and index.
650 #0 - SUBJECT ADDED ENTRY--TOPICAL TERM
Topical term or geographic name entry element Sewage
General subdivision Microbiology
-- Atlases.
9 (RLIN) 2533
700 1# - ADDED ENTRY--PERSONAL NAME
Personal name Gunderson, John H.
9 (RLIN) 2534
856 42 - ELECTRONIC LOCATION AND ACCESS
Materials specified Publisher description
Uniform Resource Identifier <a href="http://www.loc.gov/catdir/enhancements/fy0744/93022831-d.html">http://www.loc.gov/catdir/enhancements/fy0744/93022831-d.html</a>
906 ## - LOCAL DATA ELEMENT F, LDF (RLIN)
a 7
b cbc
c orignew
d 1
e ocip
f 19
g y-gencatlg
942 ## - ADDED ENTRY ELEMENTS (KOHA)
Source of classification or shelving scheme
Koha item type Book
Call number prefix IESE
Holdings
Withdrawn status Lost status Source of classification or shelving scheme Damaged status Not for loan Collection code Permanent Location Current Location Shelving location Date acquired Total Checkouts Full call number Barcode Date last seen Date last checked out Price effective from Koha item type
            Institute of Environmental Science and Engineering (IESE) Institute of Environmental Science and Engineering (IESE) General Stacks 06/13/2017 1 576 BER IESE-1161 09/21/2020 02/27/2020 06/13/2017 Book
© 2023 Central Library, National University of Sciences and Technology. All Rights Reserved.